000 00504nam a2200181Ia 4500
005 20250508152654.0
008 008 250505s9999 xx 000 0 hin d
037 _aTextual
040 _aFEDL
_beng
_cFEDL
041 _ahin
_2hin
084 _aB, GAN
_qFEDL
100 _aGandhi Manu Behan
_9762110
245 0 _aBabu ke sansmaran
260 _aAgra, India
_bShivalal Agarwala and Company Private Limited
_c1961
300 _a35p.
942 _cTEXL
_hB, GAN
999 _c1337952
_d1337952